[Event "Moscow Bronstein Memorial op"]
[Site "Moscow"]
[Date "2007.03.??"]
[Round "3"]
[White "Ludanov, Nikolay"]
[Black "Nikulin, Vladimir"]
[Result "0-1"]
[WhiteElo "2147"]
[BlackElo "1941"]
[PlyCount "70"]
[EventDate "2007.02.28"]
[EventType "swiss"]
[EventRounds "7"]
[EventCountry "RUS"]
[SourceTitle "EXT 2022"]
[Source "ChessBase"]
[SourceDate "2021.10.06"]
[SourceVersion "1"]
[SourceVersionDate "2021.10.06"]
[SourceQuality "1"]

1. e4 d6 2. Nc3 g6 3. g3 Bg7 4. Bg2 Nf6 5. d3 0-0 6. f4 Bg4 7. Nf3 Nc6 8. h3 Bxf3 9. Qxf3 e5 10. 0-0 Nd4 11. Qf2 c6 12. f5 Qb6 13. Ne2 h6 14. g4 g5 15. Rb1 Qd8 16. Be3 c5 17. Rfc1 b5 18. b4 cxb4 19. Rxb4 a5 20. Rb2 b4 21. c4 bxc3 22. Nxc3 Nc6 23. Bf3 Nb4 24. Qd2 Rb8 25. Rcb1 Qd7 26. Bd1 d5 27. Ba4 Qd6 28. Nb5 Qe7 29. a3 Nc6 30. Qc2 Rfc8 31. Bc5 Qd7 32. Nd6 Rxb2 33. Rxb2 dxe4 34. Nxc8 exd3 35. Bxc6 dxc2 0-1

[Event "Moscow op 03rd"]
[Site "Moscow"]
[Date "2007.01.29"]
[Round "3"]
[White "Ludanov, Nikolay"]
[Black "Grabuzova, Tatiana"]
[Result "0-1"]
[WhiteElo "2147"]
[BlackElo "2357"]
[PlyCount "160"]
[EventDate "2007.01.27"]
[EventType "swiss"]
[EventRounds "9"]
[EventCountry "RUS"]
[SourceTitle "CBM 116 Extra"]
[Source "ChessBase"]
[SourceDate "2007.03.07"]
[SourceVersion "1"]
[SourceVersionDate "2007.03.07"]
[SourceQuality "1"]

1. e4 e6 2. d3 d5 3. Nd2 Nf6 4. g3 b6 5. Bg2 Bb7 6. e5 Nfd7 7. d4 c5 8. c3 Ba6 9. Ne2 Nc6 10. f4 Qc7 11. Nf3 cxd4 12. Nfxd4 Nxd4 13. cxd4 Rc8 14. Bd2 Qc2 15. Bc3 Qxd1+ 16. Kxd1 b5 17. f5 b4 18. Bd2 exf5 19. Bxd5 Nb6 20. Bb3 Nc4 21. Ba4+ Kd8 22. Bc1 h5 23. Rf1 g6 24. Rf2 Kc7 25. b3 Nb6 26. Bg5 Nd5 27. Rc1+ Kb6 28. Rxc8 Bxc8 29. Nf4 Nc3+ 30. Kc1 Bg7 31. Be7 a5 32. Rc2 Bb7 33. Bc5+ Ka6 34. Kb2 Be4 35. Rxc3 bxc3+ 36. Kxc3 h4 37. Kc4 hxg3 38. hxg3 Rh2 39. Bb5+ Kb7 40. Be8 g5 41. Nd5 Rc2+ 42. Nc3 f4 43. gxf4 gxf4 44. d5 Bxe5 45. Bd4 f6 46. d6 Bxd6 47. Bxf6 f3 48. Kd4 f2 49. Nxe4 f1Q 50. Nxd6+ Kb8 51. Be5 Qd1+ 52. Ke4 Re2+ 53. Kf5 Qd3+ 54. Ke6 Rxe5+ 55. Kxe5 Kc7 56. Ne4 Qc2 57. Ba4 Qxa2 58. Kd4 Qb2+ 59. Kd5 Kb6 60. Nd6 Qd2+ 61. Ke5 Qc3+ 62. Kd5 Qc5+ 63. Ke6 Qe3+ 64. Kd5 Qg5+ 65. Ke6 Qg6+ 66. Kd5 Qh5+ 67. Ke6 Kc5 68. Ne4+ Kd4 69. Nf6 Qe5+ 70. Kf7 Qd6 71. Nd7 Ke4 72. Ke8 Kd5 73. Kd8 Qa6 74. Ke7 Qb7 75. Kf7 Kd6 76. Ke8 Qc8+ 77. Kf7 Qxd7+ 78. Bxd7 Kxd7 79. Kf6 Kd6 80. Kf5 Kd5 0-1

[Event "Moscow op 03rd"]
[Site "Moscow"]
[Date "2007.01.28"]
[Round "2"]
[White "Konenkin, Dmitry"]
[Black "Ludanov, Nikolay"]
[Result "1-0"]
[WhiteElo "2319"]
[BlackElo "2147"]
[PlyCount "67"]
[EventDate "2007.01.27"]
[EventType "swiss"]
[EventRounds "9"]
[EventCountry "RUS"]
[SourceTitle "CBM 116 Extra"]
[Source "ChessBase"]
[SourceDate "2007.03.07"]
[SourceVersion "1"]
[SourceVersionDate "2007.03.07"]
[SourceQuality "1"]

1. d4 Nf6 2. Bg5 e6 3. e4 h6 4. Bxf6 Qxf6 5. Nc3 Bb4 6. Qd2 d6 7. a3 Ba5 8. Bc4 c6 9. Nge2 Nd7 10. 0-0 Qe7 11. Ng3 Nf6 12. e5 Bxc3 13. Qxc3 Nd5 14. Qd2 f5 15. exf6 Nxf6 16. Rae1 d5 17. Bd3 0-0 18. Nf5 Qc7 19. Nh4 Ng4 20. f4 c5 21. Ng6 Re8 22. c3 Bd7 23. Rf3 cxd4 24. cxd4 Qb6 25. Bb1 Rac8 26. Rg3 Nf6 27. Ne5 Bc6 28. f5 Ne4 29. Bxe4 dxe4 30. f6 Rc7 31. Qxh6 Qxd4+ 32. Kh1 Ree7 33. Nxc6 bxc6 34. fxe7 1-0